El perfil de México en 1980.

Zapisane w:
Opis bibliograficzny
Korporacja: UNAM
Format: Książka
Język:hiszpański
Hasła przedmiotowe:
Etykiety: Dodaj etykietę
Nie ma etykietki, Dołącz pierwszą etykiete!

MARC

LEADER 00000cam^a2200000uu^4500
001 000477926
005 20250521000000.0
008 050901s1972^^^^^^^^^^^^rd^r^^000^0^spa^d
009 20260310124903.143
035 |a FCE 000020920 
035 |a FCE 031198 
037 |a Acervo ITESO - Biblioteca 
041 |a spa 
082 0 4 |a 330.972  |b UNAp V.3 
110 |a UNAM 
245 1 3 |a El perfil de México en 1980. 
264 |a México :  |b Siglo XXI,  |c 1972. 
300 |a 623 p. 
336 |a texto  |b txt  |2 rdacontenido 
337 |a sin mediación  |b n  |2 rdamedio 
338 |a volumen  |b nc  |2 rdasoporte 
649 |a XX 
650 |a Campesinos 
650 |a Movimiento obrero 
650 |a Políticas sociales 
910 |a Fondo Centro de Estudios Educativos 
920 |a Impresos - Libros 
930 |a Fondos Especiales 
905 |a 133 
901 |a ALE031198  |b IT2  |c CEE  |u 20250521 
902 |a https://opac.biblio.iteso.mx/vufind/Record/000477926